000 00801nam a2200253Ia 4500
003 OSt
005 20220923225541.0
006 a|||||r|||| 00| 0
007 ta
008 Pun
020 _c125
024 _a271,002
037 _b677, 04/06/2013, H.K. Prakashan
_cTextual
040 _aARTS
_cARTS
_bPun
041 _2Pun
_aPun
082 _aO153,3w, P4
100 _aਤਰਸੇਮ
245 0 _aਰੂ ਬ ਰੂ
_b ਨਾਵਲਕਾਰਾਂ ਨਾਲ ਮੁਲਾਕਾਤਾਂ
260 _aਪਟਿਆਲਾ
_b 21 ਸੈ੍ਵਚੂਰੀ ਪਬਲੀਕੇFਨਗ਼
_c2004
300 _a126ਪੰ
_ccm.
650 _aਪੰਜਾਬੀ ਸਾਹਿਤ
942 _hO153,3w, P4
_cTEXL
_2CC
999 _c379043
_d379043